| 000 | 00454cam a22001097a 4500 | ||
|---|---|---|---|
| 008 | 180718b1970 xxu||||| |||| 00| 0 eng d | ||
| 082 | _aN6703x73 Un3 | ||
| 245 |
_aA commission report: making the safe streets act work:an intergovernmental challenge _cby Advisory Commission on Intergovernmental Relations |
||
| 260 |
_aWashington, D.C. _bU.S. Government Printing Office _c1970 |
||
| 300 | _a78p. | ||
| 700 | _aAdvisory Commission on Intergovernmental Relations | ||
| 999 |
_c493940 _d493940 |
||